Early literacy storytimes@your library : partnering with caregivers for success

Bibliographic Details
Main Author: Ghoting, Saroj Nadkarni
Format: Book
Published: Chicago : American Library Association , 2006
Subjects:

MARC

LEADER 00000cam a2200000 7i4500
001 0000038594
005 20131118.0
008 131118
020 |a 0838908993 
090 0 0 |a 027.6251   |b GHO 
100 1 |a Ghoting, Saroj Nadkarni 
245 1 0 |a Early literacy storytimes@your library :   |b partnering with caregivers for success   |c Saroj Nadkarni Ghoting and Pamela Martin-Diaz 
260 |a Chicago :   |b American Library Association ,   |c 2006 
650 0 |a Children's library   |x Activity programs   |z United States 
650 0 |a Preschool children   |x Books and reading   |z United States 
650 0 |a Storytelling   |z United States 
999 |a 0001249397   |b Book   |c Adult Collection   |e Perbadanan Perpustakaan Awam Johor